000 00991nam a22003017a 4500
001 5878
003 FISKH
005 20250303104752.0
008 250127b cb ||||| |||| 00| 0 eng d
020 _a9780545332163
040 _aFISKH
_beng
_cFISKH
_dFISKH
050 _aPZ7.G3626
082 _a445
100 _aGiff, Reilly Patricia
_d(1935–2021)
245 _aNumber one kid /
_cPatricia Reilly Giff illustrated by Alasdair Bright
250 _aFirst printing in 2011
260 _aNew York :
_bScholastic,
_c2011.
300 _a69 pages :
_billustrations ;
_c20 cm
505 _aJ
520 _aWhen Mitchell's father gets a new job and his family moves, he and his sister go to a new school where they must make new friends and adjust to new routines.
521 8 _a450
_bLexile
521 8 _aJ
_bRaz-Plus
650 _2Friendship
_aSchool
650 _2Moving
_aSelf-confidence
700 _aBright, Alasdair
_dillustrator
942 _2ddc
_cBK
_n0
999 _c5878
_d5878